Rethinking identity in modern Japan: nationalism as aesthetics (Record no. 9755)

MARC details
000 -LEADER
fixed length control field 00449nam a2200157Ia 4500
020 ## - INTERNATIONAL STANDARD BOOK NUMBER
ISBN 0415235219
082 ## - DEWEY DECIMAL CLASSIFICATION NUMBER
Classification number 320.540952 IID-R
100 ## - MAIN ENTRY--AUTHOR NAME
Personal name Iida, Yumiko
245 #0 - TITLE STATEMENT
Title Rethinking identity in modern Japan: nationalism as aesthetics
260 ## - PUBLICATION, DISTRIBUTION, ETC. (IMPRINT)
Place of publication London
Name of publisher Routledge
Year of publication 2002
300 ## - PHYSICAL DESCRIPTION
Number of Pages viii, 328
504 ## - BIBLIOGRAPHY, ETC. NOTE
Bibliography, etc includes bibliography and index
650 ## - SUBJECT ADDED ENTRY--TOPICAL TERM
Topical Term Japan
Form subdivision intellectual life
Geographic subdivision 20th century
650 ## - SUBJECT ADDED ENTRY--TOPICAL TERM
Topical Term Nationalism
Geographic subdivision Japan
942 ## - ADDED ENTRY ELEMENTS (KOHA)
Koha item type Books
Source of classification or shelving scheme Dewey Decimal Classification
Holdings
Withdrawn status Lost status Damaged status Not for loan Collection code Home library Current library Date acquired Bill Date Full call number Accession Number Price effective from Koha item type
        Docas Books NASSDOC Library NASSDOC Library 26/09/2016 2004-10-22 320.540952 IID-R D001316 18/04/2019 Books